How long is the water cycle?

Bibliographic Details
Main Author: Hudd, Emily (Author)
Format: Book
Series:Fact finders
Subjects:

MARC

LEADER 00000cam a2200000 7i4500
001 0000090716
005 20230129163145.0
008 230109 eng
020 |a 9781543572940 (  |q (hardcover)) 
020 |a 9781543573008 (  |q (ebook)) 
020 |a 9781543575439 (  |q (paperback)) 
040 |e rda 
041 |a English 
090 0 0 |a SC   |b ENG 
100 1 |a Hudd, Emily ,   |e (author) 
245 0 0 |a How long is the water cycle?   |c Emily Hudd 
264 0 |a North Mankato, Minnesota :   |b Capstone Press   |c 2020 
300 |a 32 pages :   |b color illustrations ;   |c 23 cm. 
336 |a text  |2 rdacontent 
337 |a unmediated  |2 rdamedia 
338 |a volume  |2 rdacarrier 
490 0 |a Fact finders 
500 |a Children ages 10-12 years old (pink) 
541 |c Purchased on 2021   |f 32303 SSM   |h RM30.20 
650 0 |a Hydrologic cycle   |x Juvenile literature 
650 0 |a Science   |x Juvenile literature 
730 0 |a Title 
999 |a 0001704368   |b Book   |c Children Collection   |e Perbadanan Perpustakaan Awam Johor 
999 |a 0001704369   |b Book   |c Children Collection   |e Perbadanan Perpustakaan Awam Johor 
999 |a 0001728388   |b Book   |c Children Collection   |e Cawangan Taman Universiti 
999 |a 0001728389   |b Book   |c Children Collection   |e Cawangan Taman Universiti